Formel 1 Rennkalender 2023 - Statistiken

Allgemein
  • Dieses Quiz wurde 534 mal gespielt
  • Das Durchschnittsergebnis liegt bei 20 aus 24
Antwortstatistiken
Datum Grand Prix % Korrekt
5. März Bahrain
95%
2. April Australien
93%
3. September Italien
93%
30. Juli Belgien
91%
19. März Saudi-Arabien
90%
4. Juni Spanien
90%
27. August Niederlande
89%
5. November São Paulo
89%
22. Oktober USA
89%
28. Mai Monaco
88%
24. September Japan
86%
2. Juli Österreich
85%
29. Oktober Mexiko
84%
26. November Abu Dhabi
82%
7. Mai Miami
80%
18. Juni Kanada
79%
17. September Singapur
78%
9. Juli Großbritannien
75%
23. Juli Ungarn
75%
16. April China
74%
30. April Aserbaidschan
73%
8. Oktober Katar
73%
18. November Las Vegas
73%
21. Mai Emilia Romagna
48%
Keine übereinstimmenden Quizze gefunden
Verteilung der Resultate
Anzahl Personen mit jedem Resultat
Perzentil nach korrekt beantworteten Fragen
Ihre Resultats-Entwicklung
Sie haben dieses Quiz noch nicht gespielt